000
00174 a2200097 4500
020
_a
9780153214578
041
_a
spa
100
_a
Harcourt
245
_a
Ciencias
942
_c
BK
999
_c
9826
_d
9826